| 000 | 00359nam a2200145Ia 4500 | ||
|---|---|---|---|
| 005 | 20251222151341.0 | ||
| 008 | 251222s9999||||xx |||||||||||||| ||spa|| | ||
| 020 | _a84-7101-204-9 | ||
| 082 | _a616.075.4/H67/1996 | ||
| 100 | _aHislop, Helen J. | ||
| 245 | 0 | _aPruebas funcionales musculares: | |
| 250 | _a6a.ed | ||
| 264 | _bMarbán Libros, | ||
| 942 | _cLIB | ||
| 999 |
_c24466 _d24466 |
||